| 000 | 00389nam a22001457a 4500 | ||
|---|---|---|---|
| 003 | macl | ||
| 005 | 20190915153539.0 | ||
| 008 | 190915b xxu||||| |||| 00| 0 eng d | ||
| 040 | _cmacl | ||
| 100 |
_aHeroor, Er. Venugopal D _976664 |
||
| 245 | _aThe History of Mathematics and Mathematicians of India | ||
| 260 |
_aBengaluru _bSakshi _c2016 |
||
| 650 |
_amathe _922549 |
||
| 942 |
_2ddc _cBK |
||
| 999 |
_c61012 _d61012 |
||